000 00655nam a2200205 a 4500
005 20140311163029.0
008 100302s19uu xx 00 eng d
020 _a13:9780495390923
050 _aHQ 734
_b.L23 2009
100 _aLamanna, Mary Ann
245 _aMarriages and families :
_bmaking choices in a diverse society /
_cMary Ann Lamanna, Agnes Riedmann.
250 _a10th ed.
260 _aAustralia :
_bThomson,
_c2009.
300 _a643 p. :
_bcol. ill. ;
_c28 cm.
521 _aPSYCH
650 _aMarriage
_xinfluenced
_xsociety. 2. Family
_xinfluenced - society.
700 _aRiedmann, Agnes
942 _cBK
_2lcc
_kFOR
999 _c39611
_d39611